| 000 | 00615cam a2200217 4500500 | ||
|---|---|---|---|
| 005 | 20260329005006.0 | ||
| 041 | _afre | ||
| 042 | _adc | ||
| 100 | 1 | 0 |
_aLarmagnac-Matheron, Octave _eauthor |
| 245 | 0 | 0 | _aSamar (سَمَر) |
| 260 | _c2022. | ||
| 500 | _a18 | ||
| 690 | _aArabe | ||
| 690 | _aConvivialité | ||
| 690 | _aGroupe | ||
| 690 | _aIdentité | ||
| 690 | _aRassemblement | ||
| 690 | _aTradition | ||
| 786 | 0 | _nPhilosophie magazine | 156 | 2 | 2022-02-01 | p. 53-53 | 1951-1787 | |
| 856 | 4 | 1 | _uhttps://shs.cairn.info/magazine-philosophie-magazine-2022-2-page-53?lang=fr&redirect-ssocas=7080 |
| 999 |
_c1839231 _d1839231 |
||